书目信息 |
| 题名: |
时间的1000个瞬间
|
|
| 作者: | 林为民 | |
| 分册: | ||
| 出版信息: | 北京 北京出版社 2006 |
|
| 页数: | 177页 | |
| 开本: | 20cm | |
| 丛书名: | ||
| 单 册: | ||
| 中图分类: | P19 | |
| 科图分类: | ||
| 主题词: | 时间 , 历法 | |
| 电子资源: | ||
| ISBN: | 7-200-06272-3 | |
| 000 | 00514nam0 2200193 450 | |
| 001 | 0728815141 | |
| 005 | 20070819080015.14 | |
| 010 | @a7-200-06272-3@d¥25.00 | |
| 100 | @a20070819d km y0chiy0120 ea | |
| 101 | 0 | @achi |
| 200 | 1 | @a时间的1000个瞬间@Ashi jian de 1000 ge shun jian@f林为民@Flin wei min |
| 210 | @a北京@c北京出版社@d2006 | |
| 215 | @a177页@d20cm | |
| 606 | 0 | @a时间 |
| 606 | 0 | @a历法 |
| 690 | @aP19@v3 | |
| 701 | 0 | @a林为民@Alin wei min |
| 801 | 0 | @aCN@bPFT@c20070819 |
| 905 | @a213230@dP19@eZW1@f1 | |
| 时间的1000个瞬间/林为民.-北京:北京出版社,2006 |
| 177页;20cm |
| ISBN 7-200-06272-3:¥25.00 |
| ● |
| 相关链接 |
|
|
|
|
正题名:时间的1000个瞬间
索取号:P19/ZW1
 
预约/预借
| 序号 | 登录号 | 条形码 | 馆藏地/架位号 | 状态 | 备注 |
| 1 | 7613678 | 276136780 | 密集书库-文学院/ [索取号:P19/ZW1] | 在馆 |